Estatísticas para Clubes de Futebol Mais Vitoriosos do Brasil

Clique aqui para jogar o quiz

Estatísticas Gerais

  • Esse quiz foi jogado 7 052 vezes
    (3 759 desde o último reset)
  • A pontuação média é 9 de 9

Estatísticas das Respostas

# TroféusClubeÚltimo Troféu% Correto
19FlamengoSupercopa do Brasil 2021
100%
21PalmeirasRecopa Sul-Americana 2022
99%
15CorinthiansCampeonato Brasileiro 2017
98%
18São PauloCopa Sul-Americana 2012
98%
11Atlético MineiroSupercopa do Brasil 2022
95%
17SantosRecopa Sul-Americana 2012
95%
17CruzeiroCopa do Brasil 2018
93%
14GrêmioRecopa Sul-Americana 2018
92%
11InternacionalRecopa Sul-Americana 2011
90%

Distribuição das Pontuações

Percentil de Números Respondidos

Porcentagem de Pessoas com Cada Pontuação

Sua Pontuação Histórica

Você não jogou esse quiz desde o último reset